• 首页
  • 本馆介绍
  • 公告通知
  • 最新文献
  • 馆藏检索
  • 电子资源
  • 读者导购
  • 参考咨询
  • 我的图书馆
  • 登录
  • 详细信息显示
  • 放入我的书架
  • 预约/预借图书
  • 作者相关作品
  • 分类相关作品
  • 丛书相关作品
  • 出版社相关作品

书目信息

  • 表格格式
  • 工作单格式
  • 卡片格式
题名:
索马里近代史
    
 
作者: 刘易斯 著 ;钟槐 译
分册:  
出版信息: 北京   商务印书馆  1973.11
页数: 403页
开本: 20cm
丛书名:
单 册:
中图分类: K422
科图分类:
主题词: 东非--历史
电子资源:
ISBN:
000 00727nam0 2200253 45
001 0212190974
005 20031219104102.5
010    @dCNY1.20
091    @a11017.319
100    @a20021219d1973 km y0chiy0120 ea
101 0  @achi
105    @a z 000yy
200 1  @ASuo Ma Li Jin Dai Shi@a索马里近代史@e从民族到国家@ECong Min Zu Dao GuoJia@f(英)刘易斯著@F(Ying)Liu Yi Si Zhu@g钟槐译
210    @a北京@c商务印书馆@d1973.11
215    @a403页@d20cm
300    @a内部参考读物
320    @a索引
517    @a从民族到国家@ACong Min Zu Dao Guo Jia
606 0  @a东非@x历史
690    @aK422@v3
701  0 @a刘易斯@4著
702  0 @a钟槐@AZhong Huai@4译
801    @aCN@bTSTC@c20021219
905    @f1@b219189@dK422@e6
    
    索马里近代史:从民族到国家/(英)刘易斯著/钟槐译.-北京:商务印书馆,1973.11
    403页;20cm
    内部参考读物
    
    ISBN :CNY1.20
    
●
相关链接 在E读中查询图书 在五车中查询图书 在当当中查询图书 在豆瓣中查询图书


正题名:索马里近代史     索取号:K422/6         预约/预借

序号 登录号 条形码 馆藏地/架位号 状态 备注
1 0219189   001746338   第二样本阅览室/ [索取号:K422/6] 在馆    
唐山师范学院图书馆 欢迎您!
大连网信软件有限公司© 版权所有